Sports Quiz

Random Sports or Basketball Quiz

2012-2013 Season Triple-Doubles Quiz Stats

 Plays Quiz not verified by Sporcle

Also try: 2013 All-NBA Teams
Challenge
Share
Tweet
Embed
Score 0/42 Timer 05:00
0 Plays Today
Team/ Date Player % Correct
Heat 12/04LeBron James
98.7%
Heat 1/23LeBron James
98.7%
Heat 2/23LeBron James
98.7%
Heat 3/20LeBron James
98.6%
Thunder 2/20Kevin Durant
98%
Thunder 2/27Kevin Durant
98%
Lakers 4/2Kobe Bryant
96.9%
Thunder 11/18Kevin Durant
96.8%
Celtics 1/5Rajon Rondo
96.1%
Celtics 1/14Rajon Rondo
96.1%
Celtics 1/24Rajon Rondo
96.1%
Celtics 1/25Rajon Rondo
96.1%
Lakers 11/18Kobe Bryant
95.7%
Celtics 12/07Rajon Rondo
95.1%
Thunder 3/30Russell Westbrook
91.4%
Spurs 12/10Tony Parker
91.2%
Celtics 3/29Paul Pierce
91.1%
Celtics 1/27Paul Pierce
90.8%
Celtics 2/10Paul Pierce
90.8%
Bulls 2/28Joakim Noah
88.5%
Clippers 3/6Blake Griffin
87.2%
Team/ Date Player % Correct
Bulls 12/18Joakim Noah
86.9%
Pacers 1/12David West
86.8%
Pacers 2/13Paul George
85.8%
Lakers 4/17Pau Gasol
84.2%
Lakers 4/12Pau Gasol
84.1%
Rockets 2/2James Harden
83.4%
Timberwolves 3/12Ricky Rubio
78.4%
Pacers 11/21Roy Hibbert
76.4%
Warriors 12/21David Lee
75.4%
Kings 12/30DeMarcus Cousins
74.7%
Raptors 12/16Jose Calderon
69.4%
Raptors 11/13Jose Calderon
69.4%
76ers 1/2Jrue Holiday
68.3%
Pistons 11/07Greg Monroe
67.2%
Trailblazers 1/21Nicolas Batum
62.7%
Trailblazers 1/26Nicolas Batum
62.7%
Nuggets 4/10Andre Iguodala
61.7%
Hornets 2/8Greivis Vasquez
53.3%
Bucks 11/30Larry Sanders
53%
Raptors 3/2Kyle Lowry
52.4%
Wizards 12/18Jordan Crawford
39.3%

You're not logged in!

Compare scores with friends on all Sporcle quizzes.
Join for Free
OR
Log In

You Might Also Like...

Show Comments

Extras

Top Quizzes Today


Score Distribution

Your Account Isn't Verified!

In order to create a playlist on Sporcle, you need to verify the email address you used during registration. Go to your Sporcle Settings to finish the process.

Report this User

Report this user for behavior that violates our Community Guidelines.

Details: